000 00819nam a22002657a 4500
999 _c95202
_d95202
005 20260417163452.0
008 260407b ||||| |||| 00| 0 eng d
020 _a9789348385284
041 _aeng
082 0 0 _223
_a621.38195835
100 1 _aKani, A Nagoor,
_eauthor.
245 1 0 _aDigital principles and computer organization /
_cA Nagoor Kani.
250 _aFirst edition
264 1 _aNew Delhi :
_bCBS Publishers & Distributors,
_c[2025]
264 4 _c©2025.
300 _axix, I.4 pages :
_billustrations ;
_c24 cm
336 _2rdacontent
_atext
_btxt
337 _2rdamedia
_aunmediated
_bn
338 _2rdacarrier
_avolume
_bnc
500 _aIncludes index.
650 0 _aElectronic digital computers
_xCircuits.
650 0 _aComputer organization.
651 0 _aLogic circuits.
942 _2ddc
_cBK